LEADER 01363nam a2200313 a 4500 001 000000170896 003 CaOOAMICUS 005 20231012111423.0 008 181203s1999 enk 000 u eng r 020 $a0195132564* 032 $aLibriCat 040 $aPUL$bita 082 14$a530.01 100 1 $aNadeau, Robert,$d1944-$0(OLS)http://pul/name/44023 245 14$aThe non-local universe : $bthe new physics and matters of the mind / $cRobert Nadeau, Menas Kafatos. 260 $aOxford :$bOxford University Press,$cİ1999. 300 $aXVI, 240 p. ; $c21 cm. 504 $aContiene riferimenti bibliografici. 650 4$aFisica$xStudi.$0(OLS)http://pul/subject/19193 650 4$aFisica e filosofia.$0(OLS)http://pul/subject/18706 700 1 $aKafatos, Menas.$0(OLS)http://pul/name/109899 850 $aPUL 852 $aPUL$W1$xDP2 Cons. Gen., Altre Classi 3$y97$m530. 01 NADRO 1$j194183$qDDC 21$B199415$CPULBib$Z2$F199415 $H131807 $81 941 1 $a9 996 $6020$a0195132564*$9(OLS)http://pul/number/165463 996 $6082$a530.01$9(OLS)http://pul/classification/3177 996 $6245$aThe non-local universe : $bthe new physics and matters of the mind / $9(OLS)http://pul/title/211740 996 $6260$aOxford :$bOxford University Press$9(OLS)http://pul/publisher/48013 LEADER 01575nam a2200337 a 4500 001 000000172376 003 CaOOAMICUS 005 20190723120952.0 008 190723s2019 it u000 u ita r 020 $a978-88-921018-8-3 032 $aLibriCat 040 $aPUL$bita 082 04$a344.04197 245 04$aIl "diritto" di essere uccisi : $bverso la morte del diritto? /$ca cura di Mauro Ronco ; con i contributi di Luigi Cornacchia ... [et al.] ; presentazione di Alfredo Mantovano per il Centro studi Rosario Livatino. 260 $aTorino :$bGiappichelli,$cİ2019. 300 $aXVI, 344 p. ;$c21 cm 490 1 $aAnima juris ratio ;$av. 3 504 $aBibliografia in nota e alle p. 327-344. 650 4$aEutanasia$xAspetti giuridici.$0(OLS)http://pul/subject/33668 700 1 $aMantovano, Alfredo.$0(OLS)http://pul/name/110650 700 1 $aRonco, Mauro.$0(OLS)http://pul/name/66104 700 1 $aCornacchia, Luigi.$0(OLS)http://pul/name/68570 830 0$aAnima juris ratio ;$v3.$0(OLS)http://pul/title/213311 850 $aPUL 852 $aPUL$W1$xSL Diritto e Scienze Sociali 3$y79$m344. 04197 RONMA 1$j196293$qDDC 21$B201059$CPULBib$Z2$F201059 $H133301 $82 941 1 $a9 996 $6020$a978-88-921018-8-3$9(OLS)http://pul/number/166459 996 $6082$a344.04197$9(OLS)http://pul/classification/3144 996 $6245$aIl "diritto" di essere uccisi : $bverso la morte del diritto?$9(OLS)http://pul/title/213310 996 $6260$aTorino :$bGiappichelli$9(OLS)http://pul/publisher/48244